00269nam a22000857a 4500040000800000082002600008245010100034260002600135300002200161 crua aFAO APR 2010 C011 Or. aAgro-Industry Situation in Cambodia: An assessment for the Strategic Development Plan 2011-2015. aphnom penhbruac2010 a102p.bill.c2010